| 000 | 00717nam a2200241Ia 4500 | ||
|---|---|---|---|
| 003 | OSt | ||
| 005 | 20220924122117.0 | ||
| 006 | a|||||r|||| 00| 0 | ||
| 007 | ta | ||
| 008 | 220923b |||||||| |||| 00| 0 san d | ||
| 024 | _a12627 | ||
| 037 | _cTextual | ||
| 040 |
_aARTS _cARTS _bsan |
||
| 041 |
_2san _asan |
||
| 082 | _a/\3:864xG00:1, 15H6 | ||
| 100 |
_aSuri Hemaprabha _9188339 |
||
| 245 | 0 | _aTrailokyaprakasa ed by Ram Swarup Sarma | |
| 260 |
_aLahore _bHindi University Lahore India _c1946 |
||
| 490 | _aKushala astrological research insturdte series; 1 | ||
| 650 | _aSPIRurdALISM | ||
| 942 |
_h/\3:864xG00:1, 15H6 _cTEXL _2CC |
||
| 999 |
_c410303 _d410303 |
||